<?xml version="1.0" encoding="UTF-8"?><?xml-stylesheet type="text/xsl" href="static/style.xsl"?><OAI-PMH xmlns="http://www.openarchives.org/OAI/2.0/" xmlns:xsi="http://www.w3.org/2001/XMLSchema-instance" xsi:schemaLocation="http://www.openarchives.org/OAI/2.0/ http://www.openarchives.org/OAI/2.0/OAI-PMH.xsd"><responseDate>2026-06-01T19:46:18Z</responseDate><request verb="GetRecord" identifier="oai:riuma.uma.es:10630/40362" metadataPrefix="marc">https://riuma.uma.es/rest/oai/request</request><GetRecord><record><header><identifier>oai:riuma.uma.es:10630/40362</identifier><datestamp>2026-02-03T10:54:16Z</datestamp><setSpec>com_10630_2254</setSpec><setSpec>col_10630_37953</setSpec></header><metadata><record xmlns="http://www.loc.gov/MARC21/slim" xmlns:dcterms="http://purl.org/dc/terms/" xmlns:doc="http://www.lyncode.com/xoai" xmlns:xsi="http://www.w3.org/2001/XMLSchema-instance" xsi:schemaLocation="http://www.loc.gov/MARC21/slim http://www.loc.gov/standards/marcxml/schema/MARC21slim.xsd">
   <leader>00925njm 22002777a 4500</leader>
   <datafield ind2=" " ind1=" " tag="042">
      <subfield code="a">dc</subfield>
   </datafield>
   <datafield ind2=" " ind1=" " tag="720">
      <subfield code="a">Jimeno Borrero, Jesús</subfield>
      <subfield code="e">author</subfield>
   </datafield>
   <datafield ind2=" " ind1=" " tag="260">
      <subfield code="c">2018</subfield>
   </datafield>
   <datafield ind2=" " ind1=" " tag="520">
      <subfield code="a">El capital social de la compañía es un aspecto fundamental del contrato de sociedad. El presente artículo analiza mediante las cláusulas de las escrituras sociales, la legislación y la doctrina, la forma en la que se desarrolla durante un período histórico de especial importancia: la evolución desde la cultura jurídica del ius mercatorum hacia el régimen liberal y codificador del derecho mercantil. Esta investigación aborda aquellas cuestiones directamente ligadas al estudio del capital como su conceptualización y titularidad, su determinación exacta, los aumentos y las posibles detracciones. Además, otros temas que presentan conexidad al capital, como los fondos patrimoniales de los que dispone la sociedad, la relación entre capital y personalidad jurídica, y la responsabilidad del socio que no aporta bienes en el momento en que se constituye el capital.</subfield>
   </datafield>
   <datafield ind1="8" ind2=" " tag="024">
      <subfield code="a">Jimeno-Borrero, J. Compañía mercantiles sevillanas: capital social (siglos XVIII-XIX), Cuadernos de Historia del Derecho, nº 25, pp. 137-169.</subfield>
   </datafield>
   <datafield ind1="8" ind2=" " tag="024">
      <subfield code="a">https://hdl.handle.net/10630/40362</subfield>
   </datafield>
   <datafield ind1="8" ind2=" " tag="024">
      <subfield code="a">10.5209/CUHD.61877</subfield>
   </datafield>
   <datafield tag="653" ind2=" " ind1=" ">
      <subfield code="a">Compañías coloniales - Sevilla - S. XVIII-XIX</subfield>
   </datafield>
   <datafield ind2="0" ind1="0" tag="245">
      <subfield code="a">Compañía mercantiles sevillanas: capital social (siglos XVIII-XIX)</subfield>
   </datafield>
</record>
</metadata></record></GetRecord></OAI-PMH>